Słynny piłkarz - quiz obrazkowy #4 - Statystyki

Ogólne statystyki
  • Ten quiz został rozwiązany 1 449 razy
  • Średni wynik to 9 z 15
Statystyki odpowiedzi
Obrazkowy Odpowiedź % Poprawnych
Łukasz Fabiański
98%
Zbigniew Boniek
93%
Son Heung-min
82%
Timo Werner
76%
Toni Kroos
74%
Mario Mandžukić
71%
Christian Eriksen
69%
Marc-André ter Stegen
67%
Nemanja Matić
57%
Granit Xhaka
54%
Branislav Ivanović
33%
Artiom Dziuba
29%
Igor Akinfiejew
21%
Medhi Benatia
18%
Maya Yoshida
10%
Nie znaleziono quizów pasujących do podanych kryteriów
Rozkład punktacji
Procent ludzi z każdym wynikiem
Percentyl według liczby udzielonych odpowiedzi
Twoja historia wyników
Nie rozwiązałeś tego quizu